Sprievodca štúdiom na Podnikovohospodárskej fakulte Ekonomickej univerzity v Bratislave so sídlom v Košiciach akademický rok 2016/2017

Enregistré dans:
Détails bibliographiques
Collectivité auteur: Ekonomická univerzita v Bratislave. Podnikovohospodárska fakulta so sídlom v Košiciach
Autres auteurs: Andrejovský, Pavol, 1975-, Čajkovičová, Jana, 1964-
Format: Livre
Langue:slovaque
Publié: Bratislava Vydavateľstvo EKONÓM 2016
Édition:1. vyd.
Sujets:
Tags: Ajouter un tag
Pas de tags, Soyez le premier à ajouter un tag!

MARC

LEADER 00000nam$a2200000$$$4500
001 0222014
005 20240502073635.0
020 |a 978-80-225-4271-5 
041 0 |a slo 
044 |a SK 
245 1 0 |a Sprievodca štúdiom na Podnikovohospodárskej fakulte Ekonomickej univerzity v Bratislave so sídlom v Košiciach  |b akademický rok 2016/2017  |c zostavili: Pavol Andrejovský, Jana Čajkovičová 
250 |a 1. vyd. 
264 1 |a Bratislava  |b Vydavateľstvo EKONÓM  |c 2016 
300 |a [117] s. 
610 2 0 |a programy študijné 
610 2 0 |a plán učebný 
610 2 0 |a univerzity 
610 2 0 |a vzdelávanie vysokoškolské 
610 2 0 |a štruktúra organizačná 
700 1 |a Andrejovský, Pavol, 1975- 
700 1 |a Čajkovičová, Jana, 1964- 
710 2 |a Ekonomická univerzita v Bratislave. Podnikovohospodárska fakulta so sídlom v Košiciach